| 000 | 00000nam##2200000za#4500 |
| 001 | 9.590471 |
| 003 | CaOODSP |
| 005 | 20210624200136 |
| 007 | cr ||||||||||| |
| 008 | 150406|1988||||xxc|||||o f|0| 0 eng|d |
| 040 | |aCaOODSP|beng |
| 041 | |aeng |
| 041 | |afre |
| 043 | |an-cn--- |
| 086 | 1 |aS52-2/183-PDF |
| 110 | 1 |aCanada. |bPublic Works and Government Services Canada. |bTranslation Bureau. |
| 245 | 10|aVocabulary of the transportation of dangerous goods / |h[electronic resource]|c[by] Hélène Jacob, Jean-Pierre Mongrain, with the collaboration de Monique Simond. |
| 260 | |aOttawa - Ontario : |bPublic Works and Government Services Canada. |cc1988. |
| 300 | |a498p. |
| 490 | 1 |aTerminology bulletin|vNo. 183 |
| 500 | |aDigitized edition from print. [Produced by Publishing and Depository Services, 2014.] Issued by the Translation Bureau, Terminological and Linguistic Services Branch.—Introd. |
| 504 | |aBibliography. |
| 590 | |a14-22-Supp|b2014-12-24 |
| 720 | 1 |aJacob, Hélène |
| 720 | 1 |aMongrain, Jean-Pierre |
| 792 | |tVocabulaire du transport des marchandises dangereuses / |efre|w(CaOODSP)9.590472 |
| 830 | #0|aTerminology bulletin ;|vNo. 183|w(CaOODSP)9.500139 |
| 856 | 40|ahttp://publications.gc.ca|qPDF|s4388 KB|uhttps://publications.gc.ca/collections/collection_2014/tpsgc-pwgsc/S52-2-183.pdf|yNo. 183 |